| 000 | 00355nam a22001337a 4500 | ||
|---|---|---|---|
| 008 | 250307b |||||||| |||| 00| 0 eng d | ||
| 020 | _a9789784845625 | ||
| 050 |
_aQA276.18 _b.O65 |
||
| 100 | _aOmotosho Yode Moses | ||
| 245 | _aCollege and Understanding Statistics | ||
| 260 |
_aIbadan _bYosod Book Publishers Ltd _c2019 |
||
| 300 | _avi,203p | ||
| 942 | _cBK | ||
| 999 |
_c2167 _d2167 |
||